00527nam a22001937a 450000500170000001000130001702000210003003500130005103700160006404000120008008200190009224500540011126000370016527000560020230000210025865000240027965000140030370000160031720170124110216.0 aA-898598 c70.00a817564124 aA-898598 bCen Lib/Ret aDPLbEN a808.88203bDIC aDictionary of quotations /ccompiled by Asha Puri aDelhibSahi Publications c1998 a4777, Dr. Mitra Gali, Roshanara RoadbDelhie110007 a319p. c21cm(Hb) aQuotations, English aCitations a Puri, Asha